Statistiques concernant Les personnages Marvel Film / Série

Cliquez ici pour prendre le quiz!

Statistiques générales

  • Ce quiz a été pris 49 fois
  • Le résultat moyen est 13 sur 292

Statistiques - réponses

HintRéponse% Correct
263Tony Stark / Iron Man
95%
255Steve Roger / Captain America
81%
35Bruce Banner / Hulk
67%
195Natasha Romanoff / Black Widow
49%
163Loki
47%
43Clint Barton / Hawkeye
40%
238Scott Lang / Ant-Man
37%
46Carol Danvers / Captain Marvel
35%
197Nick Fury
35%
208Peter Parker
35%
83Gamora
33%
89Groot
33%
214Peter Quill / Star-Lord
28%
276Vision
28%
282Wanda Maximoff / La Sorcière Rouge
28%
36Bucky Barnes / Le Soldat de l'Hiver
26%
233Rocket
26%
196Nebula
23%
236Sam Wilson / Falcon
23%
59Drax
19%
203Odin
19%
251Shuri
19%
244Stephen Strange / Docteur Strange
19%
103Hope Van Dyne / La Guêpe
16%
129Janet Van Dyne / La Guêpe
16%
207Pepper Potts
16%
116James Rhodes / War Machine
14%
143killmonger
14%
169Mantis
14%
184Maria Hill
14%
186Matt Murdock / Daredevil
14%
266Ultron
14%
268Valkyrie
14%
79Frank Castle / The Punisher
12%
117Jane Foster
12%
205Okoye
12%
216Pietro Maximoff / Vif-Argent
12%
104Happy Hogan
9%
145Kamala Khan / Miss Marvel
9%
212Peggy Carter
9%
215Phil Coulson
9%
11Ayo
7%
55Danny Rand / Iron Fist
7%
105Heimdall
7%
106Hela
7%
149Kate Bishop
7%
167m'Baku
7%
180Monica Rambeau
7%
199Nakia
7%
234Ronan
7%
257T'Chaka
7%
290Yondu Udonta
7%
292Zuri
7%
1Adrian Toomes
5%
22Ava Starr / Fantôme
5%
31Bill Foster
5%
47Cassie Lang
5%
56Darren Cross
5%
69Elektra
5%
81Frigga
5%
109Howard Stark
5%
130Jasper Sitwell
5%
134Johann Schmidt / Crâne Rouge
5%
138Kang le Conquérant
5%
139Karl Mordo
5%
144Kora
5%
153L'Ancien
5%
171Maria Rambeau
5%
174Maya Lopez / Echo
5%
187May Parker
5%
201Ned Leeds
5%
194N'Jobu
5%
220Ramonda
5%
240Sharon Carter
5%
258Talos
5%
286Wong
5%
28Brock Rumlow
2%
39Casey
2%
42Christine Palmer
2%
63Darcy Lewis
2%
73Eleanor Bishop
2%
72Erik Selvig
2%
77Everett ross
2%
98Hank Pym
2%
100Heinz Kruger
2%
101Helmut Zemo
2%
133Jimmy Woo
2%
124John Walker / U.S Agent
2%
165Luis
2%
168Maggie Lang
2%
179Mobius
2%
232Robbie Reyes / Ghost Rider
2%
237Sarah Wilson
2%
250Shang-Chi
2%
241Sif
2%
260Thaddeus Ross
2%
267Ulysses Klaue
2%
283Wendy Lawson / Mar-Vell
2%
277W'Kabi
2%
289Yelena Belova
2%
291Yon-Rog
2%
12Agent 33
0%
2Agent Koenig
0%
13Agnes
0%
14Ajak
0%
4Alexei Shotakov / Red Guardian
0%
15Alex Wilder
0%
16Alisha Whitley
0%
3al MacKensie
0%
5Aloysius Samberly
0%
17Amy Bendix
0%
6Ana Jarvis
0%
18Anatoly Ranshahov
0%
7Andrew Garner
0%
19Angie Martinelli
0%
8Anne Waever
0%
20Antoine Triplett
0%
9Anton Ivanov
0%
21Armin Zola
0%
10Auran
0%
23Bakuto
0%
24Benjamin Poindexter
0%
30Ben Urich
0%
25Billy Russo
0%
32Blackagar Boltagon / Black Bolt
0%
26Blake Tower
0%
33Blurp
0%
27Bobbi Morse
0%
34Brett Mahoney
0%
29Bruno Carrelli
0%
37Calvin Chadwick
0%
45Calvin Zabo
0%
38Carl Creel
0%
40Chase Stein
0%
48Chasseuse B−15
0%
41Chasseuse C−20
0%
49Chester Philips
0%
50Claire Temple
0%
51Colleen Wing
0%
44Crystal Amaquelin
0%
52Curtis Hoyle
0%
53Daisy Johnson / Quake
0%
61Damon Keller
0%
54Daniel Soussa
0%
62Daniel Whitehall
0%
64Davos
0%
57Deke Shaw
0%
65Dhinah Madani
0%
58Dottie Underwood
0%
67Dreykov
0%
66Dr Samberly
0%
60Druig
0%
68Edwin Jarvis
0%
74Elena Cardenas
0%
70Elena Rodriguez "Yo-yo"
0%
75Eli Morrow
0%
71Ellen Nadeer
0%
76Enoch
0%
78Flint
0%
80Foggy Nelson
0%
90Gabe Teyes
0%
91Général Hale
0%
84Georges Batroc
0%
92Gert Yorkes
0%
82G'iah
0%
85Gideon Malick
0%
93Gilgamesh
0%
86Glenn Talbot
0%
94Gordon
0%
87Gorgon
0%
95Grant Ward
0%
88Gravik
0%
96Grill
0%
97Grotto
0%
99Harold Meachum
0%
107Hirochi
0%
102Hive
0%
108Holden Radcliffe
0%
110Ian Quinn
0%
112Ikaris
0%
111Isabelle hartley
0%
113Izel
0%
126Jack Dusquesne
0%
115Jack Thompson
0%
127James Davis
0%
128James Wesley
0%
118Jason Wilkes
0%
119Jeffrey Mace
0%
131Jemma Simmons
0%
120Jeri Hogarth
0%
132Jiaying
0%
121Jim Paxton
0%
122Joey Gutierrez
0%
123John Garrett
0%
135John Pilgrim
0%
136Joseph Manfredi
0%
125Joy Meachum
0%
114J.T. James
0%
137Kahhori
0%
146Karen Page
0%
147Karli Morgenthau
0%
140Karnak
0%
148Karolina Dean
0%
141Kasius
0%
142Katy Chen
0%
150Kebo
0%
151Kingo
0%
152Krista Dumont
0%
160Lance Hunter
0%
154Lash
0%
161Leland Owlsley
0%
155Lemar Hoskins / Battlestar
0%
162Leopold Fitz
0%
156Lincoln Campbell
0%
157Louise Fisher
0%
164Lucio
0%
158Lucy Bauer
0%
159Luther Banks
0%
166Lylla
0%
181Madame Gao
0%
182Makkari
0%
183Marci Stahl
0%
170Marcus Benson
0%
185Mariah Dillard
0%
172Mary Walker
0%
173Maximus Boltagon
0%
188Medusa Amaquelin
0%
175Melina Vostokoff
0%
189Melinda May
0%
176Melvin Potter
0%
190Michelle Jones 'MJ'
0%
177Mike Peterson / Deathlok
0%
191Miss Minutes
0%
178Misty Knight
0%
192Mitchell Ellison
0%
193Molly Hernandez
0%
200Nathaniel Malick
0%
202Nico Minoru
0%
198Nobu
0%
204Ouroboros
0%
206Pagon
0%
213Père Lantom
0%
209Phastos
0%
210Phyla
0%
211Piper
0%
217Priscilla Fury
0%
218Quentin Beck / Mystério
0%
228Raina
0%
229Ravonna Renslayer
0%
221Ray Nadeem
0%
230Ray Schoonover
0%
222Reva Connors
0%
219R. Giyera
0%
231Rick Mason
0%
223Ritson
0%
224Robert Gonzales
0%
225Roger Gooley
0%
226Rosalind Price
0%
235Rose Robert
0%
227Ruby Hale
0%
247Samantha Reyes
0%
248Sarge
0%
249Sersi
0%
239Shades
0%
252Sinara
0%
242Soeur Maggie
0%
253Sonya Faslworth
0%
243Sprite
0%
254Stephanie Malick
0%
245Stick
0%
256Sunil Bakshi
0%
246Sylvie Laufeydottir
0%
259Taskmaster
0%
261Thena
0%
262Timothy Dufan
0%
264Triton
0%
265Tyrone Johnson / Cloak
0%
272Vadimir Ranshadov
0%
273Vanessa Marianna
0%
269Variants Loki
0%
274Vernon Masters
0%
270Victoria Hande
0%
275Viktor Ivchenko
0%
271Violet
0%
278Ward Meachum
0%
279Werner von Strucker
0%
284Whitney Frost
0%
280Will Daniels
0%
285WIll Simpson
0%
281Wilson Fisk / Le Caïde
0%
287Xialing
0%
288Xu Wenwu
0%

Distribution des résultats

Percentile par nombre de réponses

% des personnes avec chaque résultat

Votre développement - résultats

Vous n’avez pas pris ce quiz